Szybkie dziesiętne do konwersji binarnej - Statystyki

Ogólne statystyki
  • Ten quiz został rozwiązany 397 razy
  • Średni wynik to 11 z 20
Statystyki odpowiedzi
dziesiętne binarnej % Poprawnych
1 1
86%
11 1011
69%
2 10
66%
4 100
63%
7 111
61%
34 100010
60%
40 101000
60%
31 11111
60%
36 100100
57%
3 11
57%
48 110000
57%
5 101
56%
24 11000
52%
32 100000
50%
17 10001
50%
43 101011
50%
6 110
50%
13 1101
50%
21 10101
48%
9 1001
47%
22 10110
47%
14 1110
47%
18 10010
45%
33 100001
44%
44 101100
44%
47 101111
44%
63 111111
44%
8 1000
43%
16 10000
43%
42 101010
43%
52 110100
43%
10 1010
41%
25 11001
40%
53 110101
40%
20 10100
39%
39 100111
38%
57 111001
38%
15 1111
37%
35 100011
33%
27 11011
33%
60 111100
33%
62 111110
33%
19 10011
31%
23 10111
29%
50 110010
29%
58 111010
29%
37 100101
25%
61 111101
25%
12 1100
21%
45 101101
20%
59 111011
20%
41 101001
17%
51 110011
14%
26 11010
14%
38 100110
0%
46 101110
0%
49 110001
0%
54 110110
0%
55 110111
0%
28 11100
0%
56 111000
0%
29 11101
0%
30 11110
0%
Nie znaleziono quizów pasujących do podanych kryteriów
Rozkład punktacji
Procent ludzi z każdym wynikiem
Percentyl według liczby udzielonych odpowiedzi
Twoja historia wyników
Nie rozwiązałeś tego quizu